000 00527nam a2200193Ia 4500
005 20250508155245.0
008 008 250505s9999 xx 000 0 eng d
037 _aBooks to be hide in OPAC
040 _aFEDL
_beng
_cFEDL
041 _aeng
_2eng
084 _a301, IND/O
_qFEDL
100 _aShrimali K L
_9757402
245 0 _aInaugural address
245 0 _cIndia, Government of. Education, (Ministry of...)
260 _c1958
300 _a10p.
942 _cHB
_h301, IND/O
999 _c1355553
_d1355553